| 000 | 00539nam a22001697a 4500 | ||
|---|---|---|---|
| 999 |
_c160706 _d160706 |
||
| 005 | 20190208122807.0 | ||
| 010 | _aB-058606 | ||
| 020 | _a8171003672 | ||
| 035 | _aB-058606 | ||
| 037 | _bDeep & Deep Publications Pvt. Ltd. | ||
| 082 | _a954.021 | ||
| 245 |
_aRival hindu kingdoms and sultans: _bfusion of the hindu and muslim civilization / _cH.S. Bhatia |
||
| 260 |
_aNew 'Delhi _bDeep & Deep Publications Pvt. Ltd. _c2001 |
||
| 300 |
_a384p. _c22cm(hbk) |
||
| 700 | _aBhatia, H. S. | ||
| 942 |
_2ddc _cEN _h954.021 _mRIV |
||